000 02227nam a22002417a 4500
008 251013b |||||||| |||| 00| 0 eng d
020 _a9788408283362
040 _cTBS
041 _aspa
100 _aLongarela, Andrea
_926121
_eauthor
245 _aJuliette y las canciones perdidas
_c/ Andrea Longarela.
260 _aBarcelona :
_bPlaneta Publishing,
_c2024
300 _a447 pages ;
_c23 cm.
520 _aJuliette vive en un agujero. Se sienta en él y ve la vida pasar. No le gusta su trabajo. No tiene inquietudes. No recuerda lo que significa soñar. Y hace tiempo que renunció al amor. Pero, entonces, un hombre muere. Y todo cambia. De repente, se encuentra en un pequeño pueblo de casas de colores y su camino se cruza con el de otras personas que acabarán siendo imprescindibles para ella. Una anciana a la que le atormenta la tristeza de las flores, un niño sin voz que las roba, un hombre que ama los libros y las cosas brillantes con la misma intensidad, un pintor incapaz de acabar un cuadro… Todos ellos, junto a un puñado de cartas olvidadas, ayudarán a Juliette a entender que el amor existe y que es maravilloso en todas sus versiones.
520 _aJuliette lives in a hole. She sits there and watches life go by. She doesn’t like her job. She has no ambitions. She can’t remember what it means to dream. And she gave up on love a long time ago. But then, a man dies. And everything changes. Suddenly, she finds herself in a small, colorful village, where her path crosses with others who will become essential to her. An old woman tormented by the sadness of flowers, a voiceless boy who steals them, a man who loves books and shiny things with the same passion, a painter unable to finish a single painting… All of them, together with a handful of forgotten letters, will help Juliette realize that love exists—and that it is wonderful in all its forms.
650 0 _aLetters
_vFiction
_926122
650 0 _aLife change events
_vFiction
_924020
650 0 _aMan-woman relationships
_vFiction
_911134
650 0 _aSpanish fiction
_y21st century
_926123
650 0 _aWomen
_xConduct of life
_vFiction
_926124
655 0 _aRomance fiction
_922778
942 _2lcc
999 _c5035
_d5035